Riconosci il Pokémon - Quiz n°610 - Statistics

Statistiche generali
  • Questo quiz è stato fatto 7 volte
  • Il punteggio medio è 8 su 10
Statistiche sulle risposte
Indizio Riposta % Corretto
Tipo Fuoco
100%
Generazione Sesta
100%
Abilità Aiutofuoco; Prestigiatore
83%
Altezza 1,0 m
67%
Peso 14,5 kg
67%
Tasso di cattura 45 (11.9%)
67%
Sesso 87.5% ♂, 12.5% ♀
67%
Pokémon Braixen
67%
Tasso di allevamento Medio-Lento
67%
Stadio evoluzione Prima evoluzione
67%
Nessun quiz corrispondente trovato
Distribuzione punteggi
Percentuale di utenti per punteggio
Percentile per numero di risposta
I tuoi punteggi nel tempo
Non hai fatto questo quiz